01017 a2200205 45000010006000000050017000060080041000230030015000640400040000790800056001192450057001750200022002322640034002543000019002885050351003070410008006581000023006667000024006898560098007136277220260407155921.0260407a1976 arg spa dAR-UNSa-BCEJYS aAR-UNSa-BCEJYSbspacAR-UNSa-BCEJYS a519.2xProbabilidades y estadística matemática 10aTeoría y problemas de probabilidad y estadística a978-0-07-090922-9 1aMéxico :bMcGraw-Hillc1976 a372 p.c27 cm. a1. Conjuntos y probabilidad - 2. Variables aleatorias y distribuciones de probabilidad - 3. Esperanza matemática - 4. Distribución de probabilidad con nombre propio - 5. Teoría de muestreo - 6. Teoría de estimación - 7. Ensayos de hipotesis y significación - 8. Curva de ajuste, regresión y correlación - 9. Análisis de varianza aspa1 aSpiegel, Murray R.1 aOsuna Suarez, Jairo41uhttp://www.biblioeco.unsa.edu.ar/pmb/images/libros/L129367.jpgyImagen de portadaqimage/jpeg